Environmental governance in india: (Record no. 157862)

MARC details
000 -LEADER
fixed length control field 00739nam a22001937a 4500
005 - DATE AND TIME OF LATEST TRANSACTION
control field 20181006112104.0
010 ## - LCCN (DPL NO)
LC control number ENG-124187
020 ## - INTERNATIONAL STANDARD BOOK NUMBER
International Standard Book Number 9789352807116
Terms of availability 350.00
035 ## - SYSTEM CONTROL NUMBER
System control number EN-107719
037 ## - SOURCE OF ACQUISITION
Source of stock number/acquisition DBAD/PUB
082 00 - DEWEY DECIMAL CLASSIFICATION NUMBER
Classification number 363.705610954
100 ## - MAIN ENTRY--PERSONAL NAME
Personal name Kandpal, Prakash Chand
245 10 - TITLE STATEMENT
Title Environmental governance in india:
Statement of responsibility, etc by Prakash Chand Kandpal
Remainder of title issues and challenges /
260 ## - PUBLICATION, DISTRIBUTION, ETC. (IMPRINT)
Place of publication, distribution, etc New Delhi
Name of publisher, distributor, etc SAGE Publications,
Date of publication, distribution, etc 2018
270 ## - ADDRESS
Address B1/I-1 Mohan Cooperative Industrial Area, Mathura Road
City New Delhi
Postal code 110044
300 ## - PHYSICAL DESCRIPTION
Extent xl,255p.(C-1p,B-1p, B-5p, I-1p)
Dimensions 24 cm.(pbk)
500 ## - GENERAL NOTE
General note It include conclusion, annotated bibliography, select bibliography and index
942 ## - ADDED ENTRY ELEMENTS (KOHA)
Source of classification or shelving scheme Dewey Decimal Classification
Item type English Books
Classification part 363.705610954
Call number suffix KAN
Holdings
Withdrawn status Lost status Not for loan Collection code Home library Current library Date acquired Source of acquisition Cost, normal purchase price Full call number Barcode Copy number Cost, replacement price Koha item type
    Not For Loan Non-fiction D.B.Act.Division Sarojini Nagar 06/10/2018 DBAD/PUB 350.00 363.705610954 KAN EN-107719 1 350.00 English Books

© Delhi Public Library
Hit Counter
free hit counter